[Event "51st World Juniors"]
[Site "Athens GRE"]
[Date "2012.08.04"]
[Round "3.51"]
[White "Jefic, Srdjan"]
[Black "Zwakala, Ntando"]
[Result "0-1"]
[WhiteElo "2165"]
[BlackElo "2054"]
[WhiteFideId "14403080"]
[BlackFideId "14308967"]
[EventDate "2012.08.02"]

1. e4 c5 2. Nf3 e6 3. d4 cxd4 4. Nxd4 Nc6 5. Nc3 a6 6. Nxc6 bxc6 7. Bd3 d5 8.
O-O Nf6 9. Qe2 Be7 10. Na4 Qc7 11. c4 O-O 12. e5 dxc4 13. Bxc4 Nd5 14. b3 c5 15.
f4 f5 16. Ba3 Bd7 17. Rac1 Bxa4 18. bxa4 Qc6 19. Bb3 Kh8 20. Qf3 Rac8 21. Rfd1
Rfd8 22. Rc4 Rc7 23. Rdc1 Rdc8 24. Rd1 g6 25. h3 h6 26. Kh2 Kh7 27. Rc2 Rd8 28.
Rcd2 Rcd7 29. Rc2 Rc7 30. Rdc1 Qb6 31. Rc4 a5 32. Qf2 Nb4 33. Bxb4 axb4 34. Rd1
Rxd1 35. Bxd1 Rd7 36. Bb3 Kg7 37. Qe3 Qd8 38. Rc1 Rd3 39. Qe2 Qd4 40. Rc4 Qd8
41. Rc1 h5 42. Rd1 c4 43. Bc2 Rd4 44. g3 h4 45. g4 Bc5 46. gxf5 exf5 47. Kg2
Qd5+ 48. Kh2 b3 49. axb3 cxb3 50. Bxb3 Qxb3 51. Rg1 Rd3 0-1

[Event "51st World Juniors"]
[Site "Athens GRE"]
[Date "2012.08.04"]
[Round "3.52"]
[White "Hatzoudis, Gerasimos"]
[Black "Larmuseau, Michiel"]
[Result "1-0"]
[WhiteElo "1843"]
[BlackElo "2154"]
[WhiteFideId "4221370"]
[BlackFideId "263214"]
[EventDate "2012.08.02"]

1. Nf3 Nf6 2. c4 c5 3. Nc3 d5 4. cxd5 Nxd5 5. g3 Nc6 6. Bg2 Nc7 7. O-O e5 8. d3
Be7 9. Be3 O-O 10. Rc1 Ne6 11. Na4 Qa5 12. Nd2 Bd7 13. Nc3 Qd8 14. Nd5 b6 15. f4
Bf6 16. f5 Ned4 17. Nxf6+ Qxf6 18. Ne4 Qd8 19. f6 Bg4 20. Rf2 Nxe2+ 21. Rxe2 Nd4
22. Bxd4 Qxd4+ 23. Nf2 Bxe2 24. Qxe2 Rad8 25. Be4 Rd6 26. Rc4 1-0

[Event "51st World Juniors"]
[Site "Athens GRE"]
[Date "2012.08.04"]
[Round "3.53"]
[White "Ashiku, Franc"]
[Black "Zervos, Lazaros"]
[Result "1-0"]
[WhiteElo "2152"]
[BlackElo "1799"]
[WhiteFideId "4700066"]
[BlackFideId "4238362"]
[EventDate "2012.08.02"]

1. e4 c5 2. Nf3 d6 3. d4 cxd4 4. Nxd4 Nf6 5. Nc3 a6 6. h3 e6 7. g4 Be7 8. Bg2
Nfd7 9. O-O Nc6 10. Be3 O-O 11. Qe2 Qc7 12. Rad1 Nxd4 13. Bxd4 b5 14. a3 Bb7 15.
f4 Rac8 16. Be3 Nb6 17. Rd3 Nc4 18. Bc1 Rfd8 19. g5 f6 20. h4 Rf8 21. g6 hxg6
22. Rg3 Qc5+ 23. Kh2 g5 24. hxg5 fxg5 25. Bh3 g6 26. b3 Nb6 27. Bxe6+ Kg7 28.
Bb2 Bf6 29. Rxg5 Bxg5 30. Na4+ Bf6 31. Nxc5 Rxc5 32. e5 Rh8+ 33. Kg3 dxe5 34.
fxe5 Bh4+ 35. Kg4 Rh5 36. Rf7+ Kh6 37. Qe3+ Bg5 38. Qxc5 Bd2 39. Qf8# 1-0

[Event "51st World Juniors"]
[Site "Athens GRE"]
[Date "2012.08.04"]
[Round "3.54"]
[White "Nadirashvili, Shalva"]
[Black "Panagos, Theodoros"]
[Result "1-0"]
[WhiteElo "2151"]
[BlackElo "1768"]
[WhiteFideId "13601512"]
[BlackFideId "4236955"]
[EventDate "2012.08.02"]

1. d4 Nf6 2. c4 e6 3. g3 d5 4. Nf3 Be7 5. Bg2 O-O 6. O-O Nbd7 7. Qc2 dxc4 8.
Qxc4 c5 9. dxc5 Bxc5 10. b4 Be7 11. Bb2 Nb6 12. Qc2 Nfd5 13. a3 Qc7 14. Qe4 Qc4
15. Nbd2 Qxe4 16. Nxe4 Na4 17. Be5 f6 18. Bd6 Kf7 19. Rac1 Rd8 20. Bxe7 Kxe7 21.
Rfd1 Bd7 22. Nd4 Rac8 23. Kf1 Nb2 24. Re1 Nc4 25. Nc5 Nd2+ 26. Kg1 b6 27. Nxd7
Kxd7 28. Rxc8 Rxc8 29. Rd1 Nc4 30. Nxe6 Kxe6 31. Bxd5+ Ke7 32. Bxc4 Rxc4 33. Rd3
g5 34. f3 h5 35. Kf2 a5 36. bxa5 bxa5 37. Rb3 Kd6 38. Rb6+ Rc6 39. Rxc6+ Kxc6
40. e4 Kc5 41. Ke3 Kc4 42. f4 h4 43. fxg5 hxg3 44. h4 fxg5 45. hxg5 g2 46. Kf2 1-0

[Event "51st World Juniors"]
[Site "Athens GRE"]
[Date "2012.08.04"]
[Round "3.55"]
[White "Alexiadis, Hristos"]
[Black "Galopoulos, Nikolaos"]
[Result "0-1"]
[WhiteElo "1769"]
[BlackElo "2402"]
[WhiteFideId "4249623"]
[BlackFideId "4208951"]
[EventDate "2012.08.02"]

1. e4 c5 2. Nf3 d6 3. d4 Nf6 4. Nc3 cxd4 5. Nxd4 a6 6. Be3 e5 7. Nb3 Be7 8. h3
Be6 9. Qe2 b5 10. O-O-O Nbd7 11. g4 Nb6 12. Bg2 Nc4 13. Nd5 Nxe3 14. fxe3 Nxd5
15. exd5 Bd7 16. Be4 O-O 17. Rdf1 g6 18. Qd3 Kg7 19. Rf3 b4 20. Qf1 a5 21. Kb1
a4 22. Nc1 Qc8 23. Bd3 a3 24. bxa3 bxa3 25. c4 Rb8+ 26. Nb3 Ba4 27. Qd1 Qb7 28.
Bc2 Qb4 29. Qd3 Rbc8 30. h4 Rxc4 31. h5 e4 32. Qf1 Qc3 33. Qc1 Bxb3 0-1

[Event "51st World Juniors"]
[Site "Athens GRE"]
[Date "2012.08.04"]
[Round "3.56"]
[White "Arvola, Benjamin"]
[Black "Du Plessis, Heinco"]
[Result "1-0"]
[WhiteElo "2300"]
[BlackElo "2075"]
[WhiteFideId "1506536"]
[BlackFideId "14306263"]
[EventDate "2012.08.02"]

1. d4 d5 2. c4 c6 3. Nf3 Nf6 4. g3 Bf5 5. cxd5 cxd5 6. Bg2 Nc6 7. O-O e6 8. a3
h6 9. b4 Be7 10. Nbd2 O-O 11. Bb2 Ne4 12. Rc1 Qb6 13. Nxe4 Bxe4 14. Ne5 Bxg2 15.
Kxg2 a5 16. Nd7 Qb5 17. Nxf8 Bxf8 18. Rb1 axb4 19. axb4 Qc4 20. Ra1 Rc8 21. e3
Bxb4 22. Qb1 Bd2 23. Bc1 Bc3 24. Bb2 Bd2 25. Qd1 Qb4 26. Ba3 Qc3 27. Ra2 1-0

[Event "51st World Juniors"]
[Site "Athens GRE"]
[Date "2012.08.04"]
[Round "3.57"]
[White "Brown, Andrew"]
[Black "Carbone, Diego"]
[Result "1-0"]
[WhiteTitle "IM"]
[WhiteElo "2296"]
[BlackElo "2069"]
[WhiteFideId "3206513"]
[BlackFideId "3002179"]
[EventDate "2012.08.02"]

1. d4 d5 2. c4 c6 3. Nc3 e6 4. e4 dxe4 5. Nxe4 Nf6 6. Nxf6+ Qxf6 7. a3 Nd7 8.
Nf3 h6 9. Bd2 Bd6 10. Bc3 Qe7 11. Bd3 O-O 12. O-O Re8 13. Re1 Nf6 14. b4 b6 15.
Bc2 Ba6 16. Qd3 Rad8 17. Ne5 Bxe5 18. Rxe5 b5 19. c5 Rd5 20. Rae1 Qd8 21. Qg3
Bc8 22. f4 Kf8 23. Qf3 g6 24. g4 Nd7 25. R5e3 h5 26. h3 Nf6 27. g5 Nd7 28. Be4
Nb8 29. a4 Ba6 30. Ra1 Re7 31. f5 Rxf5 32. Bxf5 exf5 33. d5 Rxe3 34. Qxe3 cxd5
35. axb5 Bxb5 36. Rxa7 d4 37. Qe5 Qxg5+ 38. Kh2 f6 39. Qd6+ 1-0

[Event "51st World Juniors"]
[Site "Athens GRE"]
[Date "2012.08.04"]
[Round "3.58"]
[White "Hernandez Sanchez, Jairo Andres"]
[Black "Haria, Ravi"]
[Result "1-0"]
[WhiteTitle "FM"]
[WhiteElo "2288"]
[BlackElo "2054"]
[WhiteFideId "4404017"]
[BlackFideId "415820"]
[EventDate "2012.08.02"]

1. e4 c5 2. Nf3 d6 3. d3 Nc6 4. g3 e5 5. Bg2 g6 6. O-O Bg7 7. c3 Nge7 8. a3 O-O
9. b4 b6 10. Bb2 h6 11. Nbd2 f5 12. Re1 Kh7 13. Nc4 Be6 14. b5 fxe4 15. Nh4 Nb8
16. Bxe4 d5 17. Bg2 Nd7 18. Nd2 Qe8 19. f4 Qf7 20. Qe2 Rae8 21. Nhf3 Nc8 22.
fxe5 Nxe5 23. Nxe5 Bxe5 24. Nf3 Bf6 25. Rf1 Qg7 26. Qd2 Nd6 27. a4 c4 28. Nd4
Bxd4+ 29. cxd4 cxd3 30. Qxd3 Nc4 31. Rxf8 Qxf8 32. Ba3 Qg7 33. Bb4 Bf5 34. Qd1
Be4 35. Bf1 Ne3 36. Qd2 Nf5 37. Bc3 h5 38. Re1 h4 39. g4 Nh6 40. Qg5 Qe7 41.
Qxe7+ Rxe7 42. h3 Nf7 43. Bd2 Rc7 44. Rc1 Rxc1 45. Bxc1 g5 46. Ba3 Kg6 47. Be7
Bc2 48. Kf2 Be4 49. Ke3 Kg7 50. Kd2 Kg6 51. Kc3 Kg7 52. Kb4 Kg6 53. a5 Kg7 54.
Bc5 bxc5+ 55. Kxc5 Nd8 56. a6 Ne6+ 57. Kd6 Nxd4 58. b6 Nc6 59. Kxc6 d4+ 60. Kc5
axb6+ 1-0

[Event "51st World Juniors"]
[Site "Athens GRE"]
[Date "2012.08.04"]
[Round "3.59"]
[White "Haarr, Jon Kristian"]
[Black "Stepanyan, Henrik"]
[Result "1-0"]
[WhiteElo "2245"]
[BlackElo "2022"]
[WhiteFideId "1505963"]
[BlackFideId "401030"]
[EventDate "2012.08.02"]

1. e4 e5 2. f4 d5 3. exd5 exf4 4. Nf3 Nf6 5. d4 Nxd5 6. Bc4 Be6 7. Bxd5 Qxd5 8.
O-O Nc6 9. Bxf4 O-O-O 10. c3 Be7 11. Nbd2 Qh5 12. Qa4 Qg4 13. Bg3 h5 14. Rae1
Bd5 15. Bf2 Bf6 16. h3 Qd7 17. b4 Kb8 18. b5 Ne7 19. c4 Bxf3 20. Nxf3 g5 21. d5
b6 22. Bd4 Bxd4+ 23. Nxd4 Nc8 24. Nc6+ Ka8 25. Re3 1-0

[Event "51st World Juniors"]
[Site "Athens GRE"]
[Date "2012.08.04"]
[Round "3.60"]
[White "Edwards, Jonathan"]
[Black "Poulopoulos, Ioannis"]
[Result "0-1"]
[WhiteElo "2170"]
[BlackElo "2007"]
[WhiteFideId "2402912"]
[BlackFideId "4218078"]
[EventDate "2012.08.02"]

1. e4 e5 2. Nf3 Nc6 3. Bc4 Bc5 4. b4 Bxb4 5. c3 Be7 6. d4 Na5 7. Bd3 exd4 8.
cxd4 d5 9. e5 Bb4+ 10. Nbd2 Ne7 11. O-O O-O 12. Qc2 h6 13. a3 Bxd2 14. Bxd2 Nac6
15. Be3 f6 16. Rac1 Bg4 17. exf6 Rxf6 18. Ne5 Bf5 19. Nxc6 bxc6 20. Rfe1 Qd6 21.
Bd2 Qxa3 22. Rxe7 Bxd3 23. Re3 Bxc2 24. Rxa3 Bg6 25. Ra6 Be8 26. f3 Re6 27. Kf2
Rb8 28. Rc2 Rb6 29. Rxa7 Bg6 30. Rca2 Bb1 31. Ba5 Bxa2 32. Bxb6 cxb6 33. Rxa2
Kf7 34. Ra6 c5 35. Ra7+ Kf6 36. Rd7 c4 37. Rxd5 c3 38. Rd8 Rc6 39. d5 c2 40.
dxc6 c1=Q 41. Rc8 Qc2+ 42. Kg3 Kf7 43. Kf4 Qc4+ 0-1

[Event "51st World Juniors"]
[Site "Athens GRE"]
[Date "2012.08.04"]
[Round "3.61"]
[White "Liodakis, Konstantinos-Spyros"]
[Black "Zeppos, Panagiotis"]
[Result "0-1"]
[WhiteElo "2130"]
[BlackElo "1978"]
[WhiteFideId "4217136"]
[BlackFideId "4228383"]
[EventDate "2012.08.02"]

1. f4 Nf6 2. Nf3 e6 3. g3 b6 4. Bg2 Bb7 5. O-O Be7 6. d3 c5 7. e4 O-O 8. Nbd2 d5
9. e5 Nfd7 10. Qe2 Nc6 11. c3 a5 12. f5 exf5 13. e6 fxe6 14. Qxe6+ Kh8 15. Qxd5
Qc7 16. Ne1 g6 17. Qb3 a4 18. Qc2 b5 19. Ndf3 Rae8 20. Bh6 Rf7 21. Ng5 Bxg5 22.
Bxg5 Nce5 23. Nf3 Nxf3+ 24. Bxf3 Bxf3 25. Rxf3 Qc6 26. Qg2 Kg7 27. Raf1 h6 28.
Bf4 Nf6 29. Qd2 h5 30. Re3 Rfe7 31. Rxe7+ Rxe7 32. Re1 Rxe1+ 33. Qxe1 Kf7 34.
Qe5 Qd5 35. Qxd5+ Nxd5 36. c4 bxc4 37. dxc4 Nxf4 38. gxf4 h4 39. Kf2 Kf6 40. Kf3
g5 41. Ke3 gxf4+ 42. Kxf4 Ke6 43. Kg5 Ke5 44. Kxh4 Kf4 45. Kh3 Kf3 46. b4 axb3
47. axb3 f4 0-1

[Event "51st World Juniors"]
[Site "Athens GRE"]
[Date "2012.08.04"]
[Round "3.62"]
[White "Lapidus, Mark"]
[Black "Davis, Ashley J"]
[Result "1-0"]
[WhiteElo "2129"]
[BlackElo "1929"]
[WhiteFideId "4502299"]
[BlackFideId "407798"]
[EventDate "2012.08.02"]

1. Nf3 Nf6 2. c4 c5 3. Nc3 Nc6 4. d4 cxd4 5. Nxd4 a6 6. e4 d6 7. Be2 g6 8. Be3
Bg7 9. Nb3 O-O 10. O-O Be6 11. f3 Rc8 12. Nd5 Nd7 13. Qd2 Nce5 14. Rac1 f5 15.
Nd4 Bxd5 16. exd5 f4 17. Bxf4 Rxf4 18. Qxf4 Qb6 19. Kh1 Rf8 20. Qd2 Nc5 21. b4
Ncd3 22. Bxd3 Qxd4 23. Rcd1 Nxc4 24. Bxc4 Qxc4 25. Rc1 Qh4 26. f4 g5 27. Qe1
Qxe1 28. Rcxe1 Bc3 29. Rxe7 Bxb4 30. Rxb7 Bc5 31. f5 Bd4 32. Re1 Be5 33. Rc1 1-0

[Event "51st World Juniors"]
[Site "Athens GRE"]
[Date "2012.08.04"]
[Round "3.63"]
[White "Torkkola, Henri"]
[Black "Wu, Kevin"]
[Result "1-0"]
[WhiteElo "2123"]
[BlackElo "1905"]
[WhiteFideId "507660"]
[BlackFideId "2609720"]
[EventDate "2012.08.02"]

1. e4 c5 2. d4 cxd4 3. c3 dxc3 4. Nxc3 Nc6 5. Nf3 g6 6. Bc4 Bg7 7. e5 Qa5 8. O-O
Nxe5 9. Nxe5 Qxe5 10. Re1 Qc5 11. Qb3 e6 12. Nb5 Ne7 13. Bf4 O-O 14. Bd6 Qg5 15.
Nc7 Rb8 16. Nxe6 fxe6 17. Bxb8 Bd4 18. Bg3 Nc6 19. Re2 b6 20. Rd1 Bb7 21. Bxe6+
dxe6 22. Rxe6 Kg7 23. Rxc6 Bxf2+ 24. Bxf2 Bxc6 25. Bd4+ Kh6 26. Be3 Rf4 27. g3
Kh5 28. Bxf4 Qc5+ 29. Qe3 1-0

[Event "51st World Juniors"]
[Site "Athens GRE"]
[Date "2012.08.04"]
[Round "3.64"]
[White "Kourkoulos-Arditis, Stamatis"]
[Black "Tsiros, Fragkiskos Vlasios"]
[Result "1-0"]
[WhiteElo "2109"]
[BlackElo "1897"]
[WhiteFideId "4221990"]
[BlackFideId "4228200"]
[EventDate "2012.08.02"]

1. e4 c5 2. Nf3 d6 3. d4 cxd4 4. Nxd4 Nf6 5. Nc3 g6 6. Be3 Bg7 7. f3 O-O 8. Qd2
Nc6 9. Bc4 Bd7 10. Bb3 Rc8 11. O-O Ne5 12. Rad1 Nc4 13. Bxc4 Rxc4 14. Nb3 b5 15.
e5 Ne8 16. exd6 Nxd6 17. Ne4 Bf5 18. Nxd6 Qxd6 19. Qxd6 exd6 20. c3 Ra4 21. Nc1
Ra6 22. Rd2 Be6 23. a3 Rc8 24. Rfd1 Bf8 25. Nd3 Bb3 26. Re1 Re8 27. Kf2 Ra4 28.
Bd4 Rxe1 29. Kxe1 Bh6 30. Re2 Kf8 31. Nb4 a5 32. Na6 Bc4 33. Re4 Bd5 34. Rh4 Be3
35. Rxh7 Rxd4 36. cxd4 Bxd4 37. b4 a4 38. Kd2 Kg8 39. Rh4 Bb2 40. Kc2 Bxa3 41.
Rd4 Bb3+ 42. Kb1 d5 43. Nc7 Bc4 44. Nxd5 f5 45. Ne3 Bb3 46. Nc2 Bxc2+ 47. Kxc2
Kf7 48. Kc3 Bc1 49. Rd5 a3 50. Kb3 Bf4 51. g3 Bc1 52. Rxb5 1-0

[Event "51st World Juniors"]
[Site "Athens GRE"]
[Date "2012.08.04"]
[Round "3.65"]
[White "Vandevenne, Sander"]
[Black "Cajahuanca Ramirez, Olindo"]
[Result "1-0"]
[WhiteElo "2083"]
[BlackElo "1856"]
[WhiteFideId "223000"]
[BlackFideId "3811530"]
[EventDate "2012.08.02"]

1. e4 e5 2. Nf3 Nc6 3. Bc4 Bc5 4. c3 Nf6 5. d3 O-O 6. O-O Bb6 7. Re1 d6 8. h3
Qe7 9. Nbd2 Be6 10. Nf1 Bxc4 11. dxc4 Nd8 12. Qc2 Ne6 13. a4 a6 14. Be3 Ba7 15.
g3 Nc5 16. N3d2 Qe6 17. Kg2 g6 18. b4 Ncd7 19. a5 Nh5 20. Qd3 Ng7 21. Bxa7 Rxa7
22. Ne3 c6 23. Rad1 Nf6 24. Nf3 Rd8 25. Ng4 Nxg4 26. hxg4 Qxg4 27. Nxe5 Qe6 28.
Nf3 Raa8 29. Nd4 Qg4 30. Qe3 Ne6 31. Nf3 g5 32. Nh2 Qh5 33. f3 Qg6 34. Kh1 Qh6
35. Rd2 Rac8 36. Red1 Ng7 37. Kg2 f5 38. e5 f4 39. Qe4 fxg3 40. Ng4 Qh4 41. Rh1 1-0

[Event "51st World Juniors"]
[Site "Athens GRE"]
[Date "2012.08.05"]
[Round "4.1"]
[White "Yu, Yangyi"]
[Black "Cori, Jorge"]
[Result "1-0"]
[WhiteTitle "GM"]
[BlackTitle "GM"]
[WhiteElo "2635"]
[BlackElo "2487"]
[WhiteFideId "8603820"]
[BlackFideId "3802272"]
[EventDate "2012.08.02"]

1. e4 e6 2. d4 d5 3. Nd2 Nc6 4. Ngf3 Nf6 5. e5 Nd7 6. c4 dxc4 7. Nxc4 Nb6 8. a3
Bd7 9. Bd3 Nxc4 10. Bxc4 Ne7 11. Ng5 Bc6 12. Qg4 Nf5 13. Nxf7 Qxd4 14. Qxd4 Nxd4
15. Nxh8 Bxg2 16. Be3 Nf3+ 17. Ke2 Nxe5 18. Bxe6 Bf3+ 19. Kd2 Rd8+ 20. Kc2 Rd6
21. Bg8 Be7 22. Rhe1 Rc6+ 23. Kb1 Nd3 24. Ka2 Kf8 25. Bb3 Nxe1 26. Rxe1 Bh5 27.
h4 b6 28. Bg5 Bf6 29. f4 Rd6 30. f5 Rd4 31. Rg1 Rg4 32. Rxg4 Bxg4 33. Nf7 Bxf5
34. Bxf6 gxf6 35. Nd8 Ke7 36. Nc6+ Kd6 37. Nd4 Be4 38. Nb5+ Ke5 39. Nxc7 f5 40.
Bc4 f4 41. Kb3 Bg2 42. Nb5 f3 43. Nxa7 f2 44. Kc3 Kf4 45. Nc8 Kg4 46. Nxb6 Kxh4
47. a4 Kg3 48. a5 f1=Q 49. Bxf1 Bxf1 50. Nc4 h5 51. a6 Bg2 52. Ne3 Bc6 53. b4
Kf3 54. Nf5 Kg4 55. Ne7 Be4 56. b5 h4 57. Nc6 h3 58. a7 h2 59. a8=Q h1=Q 60. Kd4
Qg1+ 61. Kxe4 Qb1+ 62. Kd4 Qxb5 63. Ne5+ Kf5 64. Qf8+ Ke6 65. Qf7+ Kd6 66. Nc4+ 1-0

[Event "51st World Juniors"]
[Site "Athens GRE"]
[Date "2012.08.05"]
[Round "4.2"]
[White "Ipatov, Alexander"]
[Black "Baron, Tal"]
[Result "1-0"]
[WhiteTitle "GM"]
[BlackTitle "GM"]
[WhiteElo "2577"]
[BlackElo "2451"]
[WhiteFideId "14116731"]
[BlackFideId "2809958"]
[EventDate "2012.08.02"]

1. d4 Nf6 2. c4 e6 3. Nc3 Bb4 4. e3 d5 5. a3 Bxc3+ 6. bxc3 c5 7. cxd5 exd5 8.
Bd3 O-O 9. Ne2 b6 10. O-O Ba6 11. f3 Re8 12. Ng3 Bxd3 13. Qxd3 Nc6 14. Bb2 Qd7
15. e4 dxe4 16. fxe4 Qg4 17. e5 Nh5 18. Qf5 Qxf5 19. Nxf5 g5 20. Nh6+ Kg7 21.
Nxf7 Nf4 22. Nxg5 Nd3 23. Rf7+ Kg8 24. Raf1 Nxb2 25. Rxh7 Re7 26. Rh6 Rc8 27.
Rff6 Rg7 28. Ne6 cxd4 29. Nxg7 Nxe5 30. Ne6 dxc3 31. Rh5 Ng6 32. Rg5 c2 33.
Rgxg6+ Kh8 34. Rh6+ Kg8 35. Rfg6+ Kf7 36. Rg7+ 1-0

[Event "51st World Juniors"]
[Site "Athens GRE"]
[Date "2012.08.05"]
[Round "4.3"]
[White "Grover, Sahaj"]
[Black "Ter-Sahakyan, Samvel"]
[Result "1/2-1/2"]
[WhiteTitle "IM"]
[BlackTitle "GM"]
[WhiteElo "2516"]
[BlackElo "2567"]
[WhiteFideId "5021103"]
[BlackFideId "13302531"]
[EventDate "2012.08.02"]

1. d4 d5 2. c4 e6 3. Nc3 Bb4 4. a3 Bxc3+ 5. bxc3 b6 6. cxd5 exd5 7. e3 Ne7 8.
Bd3 O-O 9. Ne2 Ba6 10. Bxa6 Nxa6 11. Qd3 Qc8 12. O-O c5 13. Bb2 Nc7 14. dxc5
bxc5 15. c4 Qa6 16. Rfd1 Rad8 17. cxd5 Qxd3 18. Rxd3 Rxd5 19. Rxd5 Nexd5 20. Rd1
Nb6 21. f3 Nb5 22. Kf2 Rc8 23. Nc3 Nxc3 24. Bxc3 f6 25. e4 Kf7 26. e5 fxe5 27.
Bxe5 g6 28. f4 Ke7 29. Kf3 Nd7 30. Ke4 Rc6 31. Kd5 Nxe5 32. fxe5 Rb6 33. Rd2 Rb3
34. a4 Rb4 35. e6 Rxa4 36. Rf2 c4 37. Rf7+ Ke8 38. Rxh7 c3 39. Rc7 Ra2 40. Rxc3
Rxg2 41. h3 a5 42. Rc8+ Ke7 43. Rc7+ Ke8 44. Kd6 Rd2+ 45. Ke5 Re2+ 46. Kf6 Rf2+
47. Kxg6 Rg2+ 48. Kf5 Rf2+ 49. Ke4 1/2-1/2

[Event "51st World Juniors"]
[Site "Athens GRE"]
[Date "2012.08.05"]
[Round "4.4"]
[White "Salem, A.R. Saleh"]
[Black "Wei, Yi"]
[Result "1/2-1/2"]
[WhiteTitle "GM"]
[BlackTitle "FM"]
[WhiteElo "2546"]
[BlackElo "2418"]
[WhiteFideId "9301348"]
[BlackFideId "8603405"]
[EventDate "2012.08.02"]

1. d4 d5 2. c4 e6 3. Nc3 Bb4 4. Nf3 Nf6 5. e3 O-O 6. Bd3 c5 7. O-O Nc6 8. cxd5
exd5 9. dxc5 Bxc5 10. h3 Qe7 11. b3 Rd8 12. Bb2 d4 13. exd4 Nxd4 14. Na4 Nxf3+
15. Qxf3 Bd4 16. Bxd4 Rxd4 17. Rad1 g6 18. Rfe1 Be6 19. Bc4 Rxd1 20. Qxd1 Rd8
21. Qf3 b6 22. Bxe6 fxe6 23. Nb2 e5 24. Nc4 e4 25. Qf4 b5 26. Nd2 Qd6 27. Qxd6
Rxd6 28. Nxe4 Nxe4 29. Rxe4 Rd1+ 30. Kh2 Rd2 31. a4 Rb2 32. Re8+ Kf7 33. Re5 b4
34. Ra5 Rxb3 35. Rxa7+ Kg8 36. Rb7 Rb2 37. Kg1 Rb1+ 38. Kh2 Rb2 39. f4 b3 40. a5
Ra2 41. Rxb3 Rxa5 42. Rb8+ Kg7 43. Rb7+ Kg8 44. Kg3 g5 45. Re7 gxf4+ 46. Kxf4
Ra2 47. g4 Ra3 48. h4 Ra5 49. Re5 Ra7 50. Kg5 Kg7 51. Rb5 Rc7 52. Kf5 Rf7+ 53.
Ke5 Re7+ 54. Kf4 Rf7+ 55. Rf5 Ra7 56. Rg5+ Kh6 57. Re5 Kg7 58. h5 Rf7+ 59. Rf5
Ra7 60. Rg5+ Kh6 61. Rb5 Kg7 62. g5 Rf7+ 63. Ke5 h6 64. g6 Ra7 65. Rd5 Re7+ 66.
Kf5 Ra7 67. Ke6 Ra6+ 68. Ke5 Ra7 69. Rb5 Rd7 70. Ra5 Re7+ 71. Kd6 Rb7 72. Ra6
Kg8 73. Ra8+ Kg7 74. Re8 Ra7 75. Re7+ Rxe7 76. Kxe7 Kg8 77. Kf6 Kf8 78. g7+ Kg8
79. Kg6 1/2-1/2

[Event "51st World Juniors"]
[Site "Athens GRE"]
[Date "2012.08.05"]
[Round "4.5"]
[White "Kovalev, Vladislav"]
[Black "Shimanov, Aleksandr"]
[Result "0-1"]
[WhiteTitle "IM"]
[BlackTitle "GM"]
[WhiteElo "2485"]
[BlackElo "2596"]
[WhiteFideId "13504398"]
[BlackFideId "4198603"]
[EventDate "2012.08.02"]

1. e4 c6 2. d4 d5 3. exd5 cxd5 4. c4 Nf6 5. Nc3 e6 6. Nf3 Bb4 7. Qc2 O-O 8. Bd3
dxc4 9. Bxc4 a6 10. O-O b5 11. Bb3 Bb7 12. Qe2 Nc6 13. a3 Na5 14. Ba2 Bxc3 15.
bxc3 Rc8 16. Bd2 Bd5 17. Bxd5 Qxd5 18. a4 Nb3 19. Ra3 Qc4 20. Qd1 bxa4 21. Ne5
Qb5 22. c4 Rxc4 23. Nxc4 Qxc4 24. Bf4 Nd5 25. Be5 Nc3 26. Qe1 Qb4 27. Rxa4 Qxa4
28. Qxc3 f6 29. Bd6 Nxd4 30. Qc7 Ra8 31. Rb1 Qc6 32. Rb8+ Rxb8 33. Qxb8+ Kf7 34.
h4 Nf5 35. Qf8+ Kg6 36. h5+ Kxh5 37. Qf7+ Kg5 38. Bf8 g6 39. Qxh7 Qc1+ 40. Kh2
Qf4+ 41. Kg1 Qe4 42. g3 Nd4 43. Kh2 Kf5 44. Qa7 Nf3+ 45. Kh3 Ng5+ 46. Kh2 Nf3+
47. Kh3 Ng5+ 48. Kh2 Qc6 49. Qe3 e5 50. Qd3+ e4 51. Qe3 Nf3+ 52. Kg2 g5 53. Qa7
Ne5 54. Qh7+ Ke6 55. Qe7+ Kd5 56. Bg7 Nd7 57. Qd8 Kc4 58. Kh3 Qe6+ 59. Kg2 Kb5
60. Kf1 a5 61. Qa8 Qc6 62. Qa7 a4 63. Ke2 Kb4 64. Kd1 a3 65. Qd4+ Kb3 66. Qe3+
Qc3 67. Qxe4 a2 68. Qb7+ Qb4 69. Qf3+ Qc3 70. Qb7+ Ka3 71. Qa6+ Kb2 72. Qe2+ Kb3
73. Qb5+ Qb4 74. Qd3+ Kb2 75. Qc2+ Ka3 76. Qc1+ Qb2 77. Bf8+ Nxf8 78. Qc5+ Qb4
79. Qc1+ Ka4 80. Qc6+ Qb5 81. Qe4+ Kb3 82. Qe3+ Kb4 83. Qe7+ Qc5 84. Qb7+ Ka3
85. Qa6+ Kb3 86. Qd3+ Kb4 87. Qd2+ Qc3 88. Qd6+ Kc4 89. Qc6+ Kb3 90. Qb6+ Ka3
91. Qa6+ Kb2 92. Qe2+ Ka1 0-1

[Event "51st World Juniors"]
[Site "Athens GRE"]
[Date "2012.08.05"]
[Round "4.6"]
[White "Yilmaz, Mustafa"]
[Black "Ding, Liren"]
[Result "1/2-1/2"]
[WhiteTitle "IM"]
[BlackTitle "GM"]
[WhiteElo "2543"]
[BlackElo "2695"]
[WhiteFideId "6302718"]
[BlackFideId "8603677"]
[EventDate "2012.08.02"]

1. c4 g6 2. Nc3 Bg7 3. g3 Nf6 4. Bg2 O-O 5. Nf3 d6 6. O-O Nc6 7. Rb1 a5 8. a3 e5
9. d3 Nd4 10. b4 axb4 11. axb4 c6 12. Bg5 h6 13. Bxf6 Qxf6 14. b5 Bg4 15. Ne4
Qe7 16. Nxd4 exd4 17. bxc6 bxc6 18. Re1 d5 19. Nd2 Be6 20. cxd5 cxd5 21. Rb5 Qd6
22. Qb1 Rfb8 23. Nf3 g5 24. h3 Bf6 25. Rxb8+ Rxb8 26. Qa1 Qb6 27. Rc1 Kg7 28.
Rc2 h5 29. Qc1 Qd8 30. h4 gxh4 31. gxh4 Bxh4 32. Nxd4 Bg4 33. Rc6 Bg5 34. e3 Rb7
35. Rc5 Qf6 36. Rxd5 Bh4 37. f4 Rb4 38. Nc6 Ra4 39. Ne5 Be6 40. Rb5 Bg3 41. Qc2
Ra1+ 42. Rb1 Ra2 43. Rb2 Ra1+ 44. Rb1 Ra2 45. Rb2 1/2-1/2

[Event "51st World Juniors"]
[Site "Athens GRE"]
[Date "2012.08.05"]
[Round "4.7"]
[White "Van Kampen, Robin"]
[Black "Grigoryan, Karen H."]
[Result "1/2-1/2"]
[WhiteTitle "GM"]
[BlackTitle "IM"]
[WhiteElo "2565"]
[BlackElo "2529"]
[WhiteFideId "1020854"]
[BlackFideId "13301004"]
[EventDate "2012.08.02"]

1. e4 c6 2. Nc3 d5 3. Nf3 Bg4 4. h3 Bxf3 5. Qxf3 e6 6. d4 dxe4 7. Qxe4 Nf6 8.
Qh4 Be7 9. Bd3 Nbd7 10. O-O Qb6 11. Rd1 Rd8 12. a3 h6 13. Qg3 Nh5 14. Qg4 g6 15.
Ne2 c5 16. c3 Ndf6 17. Qf3 cxd4 18. cxd4 Nd5 19. Bd2 Nhf6 20. Nc3 Qb3 21. Qe2
Kf8 22. Nb5 Qa4 23. b3 Qa6 24. Qe1 b6 25. a4 Qb7 26. b4 Kg7 27. Na3 Qb8 28. Bf1
Nd7 29. Nc4 Bf6 30. Qe4 Bg5 31. Be1 h5 32. Ra3 Be7 33. Rb3 h4 34. b5 Bf6 35. Rf3
Bg5 36. Qb1 Bf4 37. Qb2 Rh5 38. Bd3 Rg5 39. Kh1 Rc8 40. Qe2 Rh5 41. Qb2 Kg8 42.
Qe2 Kg7 43. Qb2 1/2-1/2